MARC
| LEADER | 000000000a22000000004500 | ||
|---|---|---|---|
| 001 | 000177 | ||
| 007 | ta | ||
| 008 | 140424s1982 cr |||g |||| 00| f spa d | ||
| 041 | 0 | |a español | |
| 082 | |a CR863.4 D633L | ||
| 100 | 1 | |a Dobles Rodríguez, Fabián |d 1918-1997 | |
| 245 | 1 | 4 | |a Los leños vivientes |b novela / |c Fabián Dobles |
| 260 | |a San José, Costa Rica: |b Elena, |c 1962. | ||
| 300 | |a 133 páginas | ||
| 500 | |a número de inscripción 00034 | ||
| 650 | 4 | |a LITERATURA COSTARRICENSE |v NOVELA | |
| 942 | |2 ddc |c BK | ||
| 999 | |c 1010 |d 1010 | ||
